Effects of added ammonia laurate soap on natural rubber latex (Record no. 58281)

MARC details
000 -LEADER
fixed length control field 00538nam a2200193Ia 4500
100 ## - MAIN ENTRY--AUTHOR NAME
Personal name Silva Manjula Dilkushi
245 #0 - TITLE STATEMENT
Title Effects of added ammonia laurate soap on natural rubber latex
260 ## - PUBLICATION, DISTRIBUTION, ETC. (IMPRINT)
Name of publisher Journal of Rubber Research
Year of publication 2009
300 ## - PHYSICAL DESCRIPTION
Number of Pages 59-70
650 ## - SUBJECT ADDED ENTRY--TOPICAL TERM
Topical Term Ammonia laurate soap
650 ## - SUBJECT ADDED ENTRY--TOPICAL TERM
Topical Term Conductivity
650 ## - SUBJECT ADDED ENTRY--TOPICAL TERM
Topical Term Foaming
650 ## - SUBJECT ADDED ENTRY--TOPICAL TERM
Topical Term Mechanical Stability Time
650 ## - SUBJECT ADDED ENTRY--TOPICAL TERM
Topical Term Natural Rubber Latex
650 ## - SUBJECT ADDED ENTRY--TOPICAL TERM
Topical Term Viscosity
700 ## - ADDED ENTRY--PERSONAL NAME
Personal name Walpalage S
942 ## - ADDED ENTRY ELEMENTS (KOHA)
Koha item type Journals
Holdings
Withdrawn status Lost status Damaged status Not for loan Home library Current library Shelving location Date acquired Serial Enumeration / chronology Koha item type
      Journals RRII Library RRII Library Rubber technology 17/12/2021 Volume 12, Issue 2 Journals